<?xml version="1.0" encoding="UTF-8"?>
<marc:record xmlns:marc="http://www.loc.gov/MARC21/slim" type="Bibliographic">
   <marc:leader>00000pam a2200000 c 4500</marc:leader>
   <marc:controlfield tag="001">1131377613</marc:controlfield>
   <marc:controlfield tag="003">DE-101</marc:controlfield>
   <marc:controlfield tag="005">20171203123602.0</marc:controlfield>
   <marc:controlfield tag="007">tu</marc:controlfield>
   <marc:controlfield tag="008">170505s2017    gw ||||| |||| 00||||ger  </marc:controlfield>
   <marc:datafield ind1=" " ind2=" " tag="015">
      <marc:subfield code="a">17,A48</marc:subfield>
      <marc:subfield code="z">17,N19</marc:subfield>
      <marc:subfield code="2">dnb</marc:subfield>
   </marc:datafield>
   <marc:datafield ind1="7" ind2=" " tag="016">
      <marc:subfield code="2">DE-101</marc:subfield>
      <marc:subfield code="a">1131377613</marc:subfield>
   </marc:datafield>
   <marc:datafield ind1=" " ind2=" " tag="020">
      <marc:subfield code="a">9783401506029</marc:subfield>
      <marc:subfield code="c">Broschur : EUR 15.99 (DE), EUR 16.50 (AT), CHF 21.50 (freier Preis)</marc:subfield>
      <marc:subfield code="9">978-3-401-50602-9</marc:subfield>
   </marc:datafield>
   <marc:datafield ind1=" " ind2=" " tag="020">
      <marc:subfield code="a">3401506021</marc:subfield>
      <marc:subfield code="9">3-401-50602-1</marc:subfield>
   </marc:datafield>
   <marc:datafield ind1="3" ind2=" " tag="024">
      <marc:subfield code="a">9783401506029</marc:subfield>
   </marc:datafield>
   <marc:datafield ind1="5" ind2="2" tag="028">
      <marc:subfield code="a">Bestellnummer: 50602</marc:subfield>
   </marc:datafield>
   <marc:datafield ind1=" " ind2=" " tag="035">
      <marc:subfield code="a">(DE-599)DNB1131377613</marc:subfield>
   </marc:datafield>
   <marc:datafield ind1=" " ind2=" " tag="035">
      <marc:subfield code="a">(OCoLC)986999339</marc:subfield>
   </marc:datafield>
   <marc:datafield ind1=" " ind2=" " tag="040">
      <marc:subfield code="a">1245</marc:subfield>
      <marc:subfield code="b">ger</marc:subfield>
      <marc:subfield code="c">DE-101</marc:subfield>
      <marc:subfield code="d">9999</marc:subfield>
      <marc:subfield code="e">rda</marc:subfield>
   </marc:datafield>
   <marc:datafield ind1=" " ind2=" " tag="041">
      <marc:subfield code="a">ger</marc:subfield>
   </marc:datafield>
   <marc:datafield ind1=" " ind2=" " tag="044">
      <marc:subfield code="c">XA-DE-BY</marc:subfield>
   </marc:datafield>
   <marc:datafield ind1="7" ind2="4" tag="082">
      <marc:subfield code="a">K</marc:subfield>
      <marc:subfield code="q">DE-101</marc:subfield>
      <marc:subfield code="2">23sdnb</marc:subfield>
   </marc:datafield>
   <marc:datafield ind1=" " ind2=" " tag="090">
      <marc:subfield code="a">b</marc:subfield>
   </marc:datafield>
   <marc:datafield ind1="1" ind2=" " tag="100">
      <marc:subfield code="0">(DE-588)12889282X</marc:subfield>
      <marc:subfield code="0">http://d-nb.info/gnd/12889282X</marc:subfield>
      <marc:subfield code="0">(DE-101)12889282X</marc:subfield>
      <marc:subfield code="a">Gier, Kerstin</marc:subfield>
      <marc:subfield code="d">1966-</marc:subfield>
      <marc:subfield code="e">Verfasser</marc:subfield>
      <marc:subfield code="4">aut</marc:subfield>
   </marc:datafield>
   <marc:datafield ind1="0" ind2="0" tag="245">
      <marc:subfield code="a">Smaragdgrün, Liebe geht durch alle Zeiten </marc:subfield>
      <marc:subfield code="c">Kerstin Gier</marc:subfield>
   </marc:datafield>
   <marc:datafield ind1=" " ind2=" " tag="250">
      <marc:subfield code="a">1. Auflage als Sonderausgabe im Arena-Taschenbuchverlag</marc:subfield>
   </marc:datafield>
   <marc:datafield ind1=" " ind2=" " tag="259">
      <marc:subfield code="a">11</marc:subfield>
   </marc:datafield>
   <marc:datafield ind1=" " ind2="1" tag="264">
      <marc:subfield code="a">Würzburg</marc:subfield>
      <marc:subfield code="b">Arena</marc:subfield>
      <marc:subfield code="c">2017</marc:subfield>
   </marc:datafield>
   <marc:datafield ind1=" " ind2=" " tag="300">
      <marc:subfield code="a">487 Seiten</marc:subfield>
      <marc:subfield code="c">21 cm</marc:subfield>
   </marc:datafield>
   <marc:datafield ind1=" " ind2=" " tag="336">
      <marc:subfield code="a">Text</marc:subfield>
      <marc:subfield code="b">txt</marc:subfield>
      <marc:subfield code="2">rdacontent</marc:subfield>
   </marc:datafield>
   <marc:datafield ind1=" " ind2=" " tag="337">
      <marc:subfield code="a">ohne Hilfsmittel zu benutzen</marc:subfield>
      <marc:subfield code="b">n</marc:subfield>
      <marc:subfield code="2">rdamedia</marc:subfield>
   </marc:datafield>
   <marc:datafield ind1=" " ind2=" " tag="338">
      <marc:subfield code="a">Band</marc:subfield>
      <marc:subfield code="b">nc</marc:subfield>
      <marc:subfield code="2">rdacarrier</marc:subfield>
   </marc:datafield>
   <marc:datafield ind1=" " ind2=" " tag="385">
      <marc:subfield code="0">(DE-588)4028859-6</marc:subfield>
      <marc:subfield code="0">http://d-nb.info/gnd/4028859-6</marc:subfield>
      <marc:subfield code="0">(DE-101)040288595</marc:subfield>
      <marc:subfield code="a">Jugend</marc:subfield>
      <marc:subfield code="2">gnd</marc:subfield>
   </marc:datafield>
   <marc:datafield ind1=" " ind2="7" tag="648">
      <marc:subfield code="a">Geschichte 1759-1912</marc:subfield>
      <marc:subfield code="2">gnd</marc:subfield>
   </marc:datafield>
   <marc:datafield ind1=" " ind2="7" tag="650">
      <marc:subfield code="0">(DE-588)4189399-2</marc:subfield>
      <marc:subfield code="0">http://d-nb.info/gnd/4189399-2</marc:subfield>
      <marc:subfield code="0">(DE-101)041893999</marc:subfield>
      <marc:subfield code="a">Weibliche Jugend</marc:subfield>
      <marc:subfield code="2">gnd</marc:subfield>
   </marc:datafield>
   <marc:datafield ind1=" " ind2="7" tag="650">
      <marc:subfield code="0">(DE-588)4190617-2</marc:subfield>
      <marc:subfield code="0">http://d-nb.info/gnd/4190617-2</marc:subfield>
      <marc:subfield code="0">(DE-101)041906179</marc:subfield>
      <marc:subfield code="a">Zeitreise</marc:subfield>
      <marc:subfield code="2">gnd</marc:subfield>
   </marc:datafield>
   <marc:datafield ind1=" " ind2="7" tag="650">
      <marc:subfield code="0">(DE-588)4308639-1</marc:subfield>
      <marc:subfield code="0">http://d-nb.info/gnd/4308639-1</marc:subfield>
      <marc:subfield code="0">(DE-101)04308639X</marc:subfield>
      <marc:subfield code="a">Erste Liebe</marc:subfield>
      <marc:subfield code="2">gnd</marc:subfield>
   </marc:datafield>
   <marc:datafield ind1=" " ind2="7" tag="650">
      <marc:subfield code="0">(DE-588)4290802-4</marc:subfield>
      <marc:subfield code="0">http://d-nb.info/gnd/4290802-4</marc:subfield>
      <marc:subfield code="0">(DE-101)042908027</marc:subfield>
      <marc:subfield code="a">Männliche Jugend</marc:subfield>
      <marc:subfield code="2">gnd</marc:subfield>
   </marc:datafield>
   <marc:datafield ind1=" " ind2="7" tag="651">
      <marc:subfield code="0">(DE-588)4074335-4</marc:subfield>
      <marc:subfield code="0">http://d-nb.info/gnd/4074335-4</marc:subfield>
      <marc:subfield code="0">(DE-101)040743357</marc:subfield>
      <marc:subfield code="a">London</marc:subfield>
      <marc:subfield code="2">gnd</marc:subfield>
   </marc:datafield>
   <marc:datafield ind1=" " ind2=" " tag="653">
      <marc:subfield code="a">(Produktform)Paperback / softback</marc:subfield>
   </marc:datafield>
   <marc:datafield ind1=" " ind2=" " tag="653">
      <marc:subfield code="a">(Zielgruppe)ab 12 Jahre</marc:subfield>
   </marc:datafield>
   <marc:datafield ind1=" " ind2=" " tag="653">
      <marc:subfield code="a">(VLB-WN)2260: Taschenbuch / Kinder- und Jugendbücher/Jugendbücher ab 12 Jahre</marc:subfield>
   </marc:datafield>
   <marc:datafield ind1=" " ind2=" " tag="653">
      <marc:subfield code="a">(BISAC Subject Heading)JUV001000</marc:subfield>
   </marc:datafield>
   <marc:datafield ind1=" " ind2=" " tag="653">
      <marc:subfield code="a">(Produktform (spezifisch))MP3 format</marc:subfield>
   </marc:datafield>
   <marc:datafield ind1=" " ind2=" " tag="653">
      <marc:subfield code="a">Zeitreisen</marc:subfield>
   </marc:datafield>
   <marc:datafield ind1=" " ind2=" " tag="653">
      <marc:subfield code="a">Edelstein-Trilogie</marc:subfield>
   </marc:datafield>
   <marc:datafield ind1=" " ind2=" " tag="653">
      <marc:subfield code="a">Smaragd-Trilogie</marc:subfield>
   </marc:datafield>
   <marc:datafield ind1=" " ind2=" " tag="653">
      <marc:subfield code="a">Saphirblau</marc:subfield>
   </marc:datafield>
   <marc:datafield ind1=" " ind2=" " tag="653">
      <marc:subfield code="a">Rubinrot</marc:subfield>
   </marc:datafield>
   <marc:datafield ind1=" " ind2=" " tag="653">
      <marc:subfield code="a">Gwendolyn</marc:subfield>
   </marc:datafield>
   <marc:datafield ind1=" " ind2=" " tag="653">
      <marc:subfield code="a">Gideon</marc:subfield>
   </marc:datafield>
   <marc:datafield ind1=" " ind2=" " tag="653">
      <marc:subfield code="a">Loge</marc:subfield>
   </marc:datafield>
   <marc:datafield ind1=" " ind2=" " tag="653">
      <marc:subfield code="a">Chronometer</marc:subfield>
   </marc:datafield>
   <marc:datafield ind1=" " ind2=" " tag="653">
      <marc:subfield code="a">Temple</marc:subfield>
   </marc:datafield>
   <marc:datafield ind1=" " ind2=" " tag="653">
      <marc:subfield code="a">London</marc:subfield>
   </marc:datafield>
   <marc:datafield ind1=" " ind2=" " tag="653">
      <marc:subfield code="a">Liebe</marc:subfield>
   </marc:datafield>
   <marc:datafield ind1=" " ind2=" " tag="653">
      <marc:subfield code="a">Raphael</marc:subfield>
   </marc:datafield>
   <marc:datafield ind1=" " ind2=" " tag="653">
      <marc:subfield code="a">Lucy</marc:subfield>
   </marc:datafield>
   <marc:datafield ind1=" " ind2=" " tag="653">
      <marc:subfield code="a">Villiers</marc:subfield>
   </marc:datafield>
   <marc:datafield ind1=" " ind2=" " tag="653">
      <marc:subfield code="a">Prophezeiung</marc:subfield>
   </marc:datafield>
   <marc:datafield ind1=" " ind2="7" tag="655">
      <marc:subfield code="0">(DE-588)4306252-0</marc:subfield>
      <marc:subfield code="0">http://d-nb.info/gnd/4306252-0</marc:subfield>
      <marc:subfield code="0">(DE-101)043062520</marc:subfield>
      <marc:subfield code="a">Jugendbuch</marc:subfield>
      <marc:subfield code="2">gnd-content</marc:subfield>
   </marc:datafield>
   <marc:datafield ind1=" " ind2="7" tag="655">
      <marc:subfield code="0">(DE-101)101071841X</marc:subfield>
      <marc:subfield code="a">Jugendbücher ab 12 Jahre</marc:subfield>
      <marc:subfield code="2">gatbeg</marc:subfield>
   </marc:datafield>
   <marc:datafield ind1="0" ind2="0" tag="689">
      <marc:subfield code="0">(DE-588)4074335-4</marc:subfield>
      <marc:subfield code="0">http://d-nb.info/gnd/4074335-4</marc:subfield>
      <marc:subfield code="0">(DE-101)040743357</marc:subfield>
      <marc:subfield code="D">g</marc:subfield>
      <marc:subfield code="a">London</marc:subfield>
   </marc:datafield>
   <marc:datafield ind1="0" ind2="1" tag="689">
      <marc:subfield code="0">(DE-588)4189399-2</marc:subfield>
      <marc:subfield code="0">http://d-nb.info/gnd/4189399-2</marc:subfield>
      <marc:subfield code="0">(DE-101)041893999</marc:subfield>
      <marc:subfield code="D">s</marc:subfield>
      <marc:subfield code="a">Weibliche Jugend</marc:subfield>
   </marc:datafield>
   <marc:datafield ind1="0" ind2="2" tag="689">
      <marc:subfield code="0">(DE-588)4190617-2</marc:subfield>
      <marc:subfield code="0">http://d-nb.info/gnd/4190617-2</marc:subfield>
      <marc:subfield code="0">(DE-101)041906179</marc:subfield>
      <marc:subfield code="D">s</marc:subfield>
      <marc:subfield code="a">Zeitreise</marc:subfield>
   </marc:datafield>
   <marc:datafield ind1="0" ind2="3" tag="689">
      <marc:subfield code="0">(DE-588)4308639-1</marc:subfield>
      <marc:subfield code="0">http://d-nb.info/gnd/4308639-1</marc:subfield>
      <marc:subfield code="0">(DE-101)04308639X</marc:subfield>
      <marc:subfield code="D">s</marc:subfield>
      <marc:subfield code="a">Erste Liebe</marc:subfield>
   </marc:datafield>
   <marc:datafield ind1="0" ind2="4" tag="689">
      <marc:subfield code="0">(DE-588)4290802-4</marc:subfield>
      <marc:subfield code="0">http://d-nb.info/gnd/4290802-4</marc:subfield>
      <marc:subfield code="0">(DE-101)042908027</marc:subfield>
      <marc:subfield code="D">s</marc:subfield>
      <marc:subfield code="a">Männliche Jugend</marc:subfield>
   </marc:datafield>
   <marc:datafield ind1="0" ind2="5" tag="689">
      <marc:subfield code="A">z</marc:subfield>
      <marc:subfield code="a">Geschichte 1759-1912</marc:subfield>
   </marc:datafield>
   <marc:datafield ind1="0" ind2=" " tag="689">
      <marc:subfield code="5">DE-101</marc:subfield>
      <marc:subfield code="5">DE-101</marc:subfield>
   </marc:datafield>
   <marc:datafield ind1="2" ind2=" " tag="710">
      <marc:subfield code="0">(DE-588)10197653-7</marc:subfield>
      <marc:subfield code="0">http://d-nb.info/gnd/10197653-7</marc:subfield>
      <marc:subfield code="0">(DE-101)987889990</marc:subfield>
      <marc:subfield code="a">Arena-Verlag</marc:subfield>
      <marc:subfield code="g">Würzburg</marc:subfield>
      <marc:subfield code="e">Verlag</marc:subfield>
      <marc:subfield code="4">pbl</marc:subfield>
   </marc:datafield>
   <marc:datafield ind1="0" ind2="8" tag="776">
      <marc:subfield code="i">Erscheint auch als</marc:subfield>
      <marc:subfield code="n">Online-Ausgabe</marc:subfield>
      <marc:subfield code="a">Gier, Kerstin, 1966-</marc:subfield>
      <marc:subfield code="t">Smaragdgrün. Liebe geht durch alle Zeiten</marc:subfield>
      <marc:subfield code="d">Würzburg : Arena Verlag, 2016</marc:subfield>
      <marc:subfield code="h">Online-Ressourcen, 496 Seiten</marc:subfield>
      <marc:subfield code="w">(DE-101)1123901902</marc:subfield>
   </marc:datafield>
   <marc:datafield ind1=" " ind2=" " tag="850">
      <marc:subfield code="a">DE-101a</marc:subfield>
      <marc:subfield code="a">DE-101b</marc:subfield>
   </marc:datafield>
   <marc:datafield ind1="4" ind2="2" tag="856">
      <marc:subfield code="m">X:MVB</marc:subfield>
      <marc:subfield code="q">text/html</marc:subfield>
      <marc:subfield code="u">http://deposit.dnb.de/cgi-bin/dokserv?id=bf508346b18d414dba699cfc7f66f84a&amp;prov=M&amp;dok_var=1&amp;dok_ext=htm</marc:subfield>
      <marc:subfield code="3">Inhaltstext</marc:subfield>
   </marc:datafield>
   <marc:datafield ind1="r" ind2=" " tag="925">
      <marc:subfield code="a">ra</marc:subfield>
   </marc:datafield>
</marc:record>
